000 00494nam a2200181 i 4500
001 bg
100 1 _aGo~7ldenblat, Iosip Izrailevič.
245 0 _a"Paradoksy vremeni" w reljativistskoj mechanike /
_cI. I. Goldenblat.
260 _aMoskva :
_b"Nauka",
_c1972.
300 _as. 79, nlb. 2 :
_brys.
500 _a[Alf. ros.].
504 _a[Zawiera bibliogr. s. 79-80].
040 _cBPK
041 _apol
080 _a530.12
942 _cKS
008 s pl f |000 0 pol
999 _c15067
_d15067
856 _uhttp://koha.tu.koszalin.pl/cgi-bin/koha/opac-detail.pl?biblionumber=15067
_yKatalog online BPK